|
|
|
|
| LEADER |
00000cam a2200000 7i4500 |
| 001 |
0000002745 |
| 005 |
20220222.0 |
| 020 |
|
|
|a 0077079469
|
| 040 |
|
|
|a INS
|
| 090 |
0 |
0 |
|a HD69.P75
|b T848 1995
|
| 100 |
1 |
|
|a Turner, Rodney J
|
| 245 |
1 |
4 |
|a The commercial project manager :
|b Managing owner, sponsers, partners, supporters, stakeholders, contractors and consultants
|c Rodney J. Turner
|
| 260 |
|
|
|a Berkshire :
|b McGraw - Hill ,
|c 1995
|
| 300 |
|
|
|a 408p ;
|c 23cm.
|
| 650 |
|
0 |
|a Contracts
|
| 650 |
|
0 |
|a Partnership
|
| 650 |
0 |
0 |
|a Industrial project management
|
| 650 |
0 |
0 |
|a Industrial project management
|x Finance
|
| 999 |
|
|
|a 0000006029
|b BOOK
|c Open Shelf
|e Default branch
|
| 999 |
|
|
|a 0000021994
|b BOOK
|c Open Shelf
|e Default branch
|